000 00756nac a22002051u 4500
008 100914t xxu||||| |||| 00| 0 eng d
010 _a 80000535
020 _a0123485800
082 0 0 _a631.43
_bHIL
100 _aHillel, Daniel.
_919094
245 1 0 _aApplications of Soil Physics /
_cDaniel Hillel
260 _aNew York :
_bAcademic Press,1980
_c1980.
300 _axiv, 385 p. :
_bill. ;
_c24 cm.
504 _aIncludes bibliography: p. 357-376 and index
650 0 _aSoil physics.
_919095
650 0 _aSoil moisture.
_919096
650 0 _aSoil management.
_919097
942 _cBB
_k631.43HIL
_2ddc
999 _c3842
_d3842